000 00608nam a2200205Ia 4500
005 20250508162016.0
008 008 250505s9999 xx 000 0 eng d
037 _aTextual
040 _aFEDL
_beng
_cFEDL
041 _aeng
_2eng
084 _a370.15, DES
_qFEDL
100 _aDesai Daulatbhai
_9772033
245 0 _aStudies in achievement motivation
260 _aBaroda, India
_bCentre of Advanced Study in Education
_c1979
300 _axxi,303p
650 _aEducation - Psychology
700 _a Govind Ameeta
_9772034
942 _cTEXL
_h370.15, DES
999 _c1373795
_d1373795